Open Data Biblioteca Nacional de Portugal


República Portuguesa: Ministério da Cultura
Biblioteca Nacional de Portugal

Catálogo da BNP: acesso por Identificadores Unívocos
Registos Bibliográficos associados ao registo de autoridade

Etiqueta de registo: 00254nam 2200025 450
001 2286586
003 http://id.bnportugal.gov.pt/bib/catbnp/2286586
100 ## $a20260520d1705 m y0pory01030103ba
101 0# $alat
102 ## $aDX
105 ## $ay z 000yy
106 ## $ar
200 1# $aJacobi Bidermani è Societate Jesu Deliciae sacrae...
210 #9 $aMonachii$csumpt. Viduae & Haeredum Joannis Hermanni à Gelder...$ctypis Joannis Lucae Straubij,$d1705
215 ## $a[6], 400, [2] p.$d12º (13 cm)
307 ## $aNa f. de rosto, emblema da Companhia de Jesus
307 ## $aAssin.: A-R//12
316 ## $aEnc. em pergaminho$5PTBN: R. 1873 P.
321 ## $aBayerische Staatsbibliothek BV001372421
500 10 $aDeliciae sacrae
620 ## $dMunique
700 #1 $aBidermann,$bJakob,$f1577-1639,$cS.J.$3166415
702 #1 $aGelder,$bJohann Hermann von,$cViúva e Herdeiros$ffl. 1691-1705$4650$31998850
702 #1 $aStraub,$bJohann Lukas,$ffl. 1692-1733$4610$31652225
801 #0 $aPT$bBN$gRPC
856 40 $2Cópia digital disponível em Bayerische Staatsbibliothek$uhttps://www.digitale-sammlungen.de/view/bsb10575743?page=%2C1
966 ## $lBN$mFGMON$sR. 1873 P.
971 ## $cpmesqui$d20260520
997 ## $aBIBEOD

OpendataBNP@bnportugal.pt | Mais informação sobre acesso aos dados BNP